Developmental immunotoxicology
Shranjeno v:
| Glavni avtor: | |
|---|---|
| Format: | Knjiga |
| Jezik: | Undetermined |
| Izdano: |
Boca Raton
CRC Press
2005
|
| Teme: | |
| Oznake: |
Označite
Brez oznak, prvi označite!
|
| Thư viện lưu trữ: | Trung tâm Học liệu Trường Đại học Cần Thơ |
|---|
| LEADER | 00525nam a2200193Ia 4500 | ||
|---|---|---|---|
| 001 | CTU_100060 | ||
| 008 | 210402s9999 xx 000 0 und d | ||
| 020 | |c 2399000 | ||
| 082 | |a 616.97 | ||
| 082 | |b H733 | ||
| 100 | |a Holladay, Steven D. | ||
| 245 | 0 | |a Developmental immunotoxicology | |
| 245 | 0 | |c Steven D. Holladay | |
| 260 | |a Boca Raton | ||
| 260 | |b CRC Press | ||
| 260 | |c 2005 | ||
| 650 | |a Immunotoxicology,Developmental toxicology | ||
| 904 | |i Giang | ||
| 980 | |a Trung tâm Học liệu Trường Đại học Cần Thơ | ||